000 00474nam a2200181Ia 4500
001 9132
005 20260306160701.0
008 260306t2017||||xx |||||||||||||| ||spa||
041 _aESP
082 _a372.86
_bC265
100 _aContreras Jordán, Onofre
_eAUT
245 0 _aDidáctica de la educación física por modelos para educación primaria
260 _c2017
300 _a257 páginas :
_c23 cm.
650 _aGEN
654 _aCED
942 _cLIB
_dJUS
_fJUS
_2ddc
_n
999 _c9132
_d9132